000 00239nam a2200097Ia 4500
001 652057
005 20250826154431.0
008 250824s9999 xx 000 0 und d
245 0 _aBALİNALAR GELDİĞİNDE
_cMICHAEL MORPURGO
260 _bTUDEM
999 _c652057
_d652057